000 00600nam a2200205Ia 4500
005 20250508165530.0
008 008 250505s9999 xx 000 0 eng d
020 _a978-0-415-90525-1
037 _aReference
040 _aFEDL
_beng
_cFEDL
041 _aeng
_2eng
084 _a500, KEL/RR
_qFEDL
100 _aKeller Evelyn Fox
245 0 _aSecrets of life, secrets of death: Essays on language, gender and science
260 _aAbingdon, England
_bRoutledge
_c1992
300 _ax, 195p.
365 _aGBP
_b34.99
942 _cREF
_h500, KEL/RR
999 _c1395696
_d1395696